000 00229nam a22000857a 4500
008 160706b xxu||||| |||| 00| 0 eng d
100 _92378
_a Deb, D
245 _aThe Story of a Mango
260 _aNew Delhi
_b National Book Trust
_c1993
999 _c2055
_d2055